| 000 | 00524cam a2200205ua 4500 | ||
|---|---|---|---|
| 001 | 9805 | ||
| 008 | 160903n ii |||gr||||Z||||||eng | ||
| 020 | _a9789384303686 | ||
| 040 | _cMAIN | ||
| 041 | _aeng | ||
| 082 | _a338.04 | ||
| 100 |
_aBaruah, Jagatjyoti, _eAuthor. |
||
| 245 |
_aBasics of entrepreneurship development _cBy Jagatjyoti Baruah |
||
| 250 | _a1st ed. | ||
| 260 |
_aDibrugarh: _bMahaveer publications, _c2016-17. |
||
| 300 | _a136p. | ||
| 653 | _aProduction | ||
| 653 | _aEntrepreneurship | ||
| 942 | _cBK | ||
| 999 |
_c8815 _d8815 |
||